| 000 | 00600cam a2200217 4500 | ||
|---|---|---|---|
| 008 | 090401t1993 xxu||||| |||| 00| 0 eng d | ||
| 020 | _a1858351952 | ||
| 035 | _a(Sirsi) u29788 | ||
| 041 | _aeng | ||
| 050 | _a658.4 | ||
| 110 |
_aIndustrial Society _92691 |
||
| 245 | _aManagement skills : a practical handbook. | ||
| 260 |
_aLondon _bIndustrial Society _c1993 |
||
| 300 | _avi,489p. ; 24cm. | ||
| 350 | _a24.95 | ||
| 650 | _aMANAGEMENT TECHNIQUES | ||
| 650 | _aPERSONNEL MANAGEMENT | ||
| 690 | _aMANAGEMENT-BUSINESS MANAGEMENT-PROFESSIONAL PRACTICE | ||
| 942 | _n0 | ||
| 948 | _c04/03/1997 | ||
| 999 |
_c89456 _d89456 |
||